00598pab a2200181 454500008004000000100001500040245015300055260000900208300001300217362001200230650003200242650003700274650003400311650002600345700001700371700001700388773001100405180718b2004 xxu||||| |||| 00| 0 eng d aSahney, S. aIdentification of elements of total quality management for the educational system: a study of select engneering and management institutions of India c2004 ap.11-24. aJan-Jun aTechnical education - India aTotal quality management - India aEngineering education - India aEngineering education aKaruness, S. aBanwet, D.K. aVision